zpět

Detail výsledku týmu

Jak jinak pub, Třebíč

Datum a čas kvízu

29.5 Celkem bodů Celkový počet nahraných bodů na tomto kvízu bez doplňovacích otázek.
4. Pořadí na kvízu Konečné umístění týmu na tomto kvízu.

Zaznamenané odpovědi

# Otázka Odpověď Body Výsledky
1. Ministr práce a sociálních věc... o 1 600 Kč 0
2. Který stát ve čtvrtek nepovoli... Bulharsko 0
3. Který anglický hudebník a býva... Peter Gabriel 0
4. Ve středu pravomocně zrušil Mě... proti dopravním přestupkům 1
5. Celkem kolik bodů si připsaly... 9 bodů 1
6. Když české divadlo, tak hned n... 1881, 1883 0.5
7. V roce 1787 měla v Praze premi... Nosticovo divadlo 1
8. V 50. letech minulého století... František Filipovský, Harpagon 0.5
9. V této otázce po vás budeme ch... 1A 2D 3B 4C 0
10. Jedním z nejslavnějších divade... Truffaldino 1